=LDR 00000nam 2200000 4500 =001 INLIS000000000051009 =005 20200908073028 =035 ##$$a 0010-0817000192 =007 ta =008 200908################g##########0#ind## =020 ##$$a 978-979-17016-8-0 =082 ##$$a 302.23 =084 ##$$a 302.23 FIR e =100 #$$a Firman Yursak =245 1#$$a Eddie Widodo di Bawah Pusaran Media : $b seri kajian media massa /$c Firman Yursak =250 ##$$a cet.2 =260 ##$$a Jakarta :$b Reign Media,$c 2008 =300 ##$$a 159 hlm ; $c 18 x 12 cm =650 #4$$a Media Massa =990 ##$$a 31701605